000 00373nam a22001457a 4500
999 _c170701
_d170701
005 20191223125746.0
010 _aA-213087
035 _aA-213087
082 _a841
100 _aعزیز بارہ نکوی
245 _aکیف غم /
_cغزیز بارہ نکوی
260 _c1983 ء
300 _a104p.
_c20cm(Hb)
942 _2ddc
_cUR
_h841
_mع ز ی